| Tag |
First Indicator |
Second Indicator |
Subfields |
| LEADER |
00000cam a2200000 4500 |
| 001 |
in00001921069 |
| 006 |
m | d | |
| 007 |
cr |n||||||||n |
| 008 |
790719s1765 enk|||| s 00||||eng d |
| 005 |
20260406215646.6 |
| 035 |
|
|
|a (CStRLIN)ESTCT47060
|
| 040 |
|
|
|a Uk-ES
|c Uk-ES
|d Cu-RivES
|d CStRLIN
|d Thomson Gale
|d UtOrBLW
|
| 100 |
1 |
|
|a Hamilton, Newburgh,
|d 1691-1761.
|
| 245 |
1 |
0 |
|a Samson. An oratorio :
|b As performed at the annual Musical Festival at Salisbury. Set to music by Mr. Handell.
|
| 264 |
|
3 |
|a Salisbury :
|b printed and sold by B. Collins,
|c 1765.
|
| 300 |
|
|
|a 2 unnumbered pages, 18p. ;
|c 4⁰.
|
| 336 |
|
|
|a text
|b txt
|2 rdacontent
|
| 337 |
|
|
|a computer
|b c
|2 rdamedia
|
| 338 |
|
|
|a online resource
|b cr
|2 rdacarrier
|
| 500 |
|
|
|a Adapted from Milton's 'Samson Agonistes' by Newburgh Hamilton.
|
| 500 |
|
|
|a Reproduction of original from the British Library.
|
| 510 |
4 |
|
|a English Short Title Catalog,
|c ESTCT47060.
|
| 533 |
|
|
|a Electronic reproduction.
|b Farmington Hills, Mich. :
|c Thomson Gale,
|d 2003.
|n Available via the World Wide Web.
|n Access limited by licensing agreements
|7 s2003 miunns
|
| 500 |
|
|
|a Electronic resource.
|
| 700 |
1 |
|
|a Milton, John,
|d 1608-1674.
|
| 700 |
1 |
|
|a Handel, George Frideric,
|d 1685-1759.
|
| 730 |
0 |
|
|a Samson Agonistes.
|k Adaptations.
|
| 830 |
|
0 |
|a Eighteenth century collections online.
|
| 856 |
4 |
0 |
|u http://proxy.library.tamu.edu/login?url=https://galenet.galegroup.com/servlet/ECCO?c=1&stp=Author&ste=11&af=BN&ae=T047060&tiPG=1&dd=0&dc=flc&docNum=CW113801001&vrsn=1.0&srchtp=a&d4=0.33&n=10&SU=0LRK&locID=txshracd2898
|z Full text online
|t 0
|
| 999 |
|
|
|a MARS
|
| 999 |
f |
f |
|s 3af427cb-b8c8-33ca-b9b0-6f787215564d
|i 1856a1b6-7b93-356c-9416-7ba9e26770b0
|t 0
|
| 952 |
f |
f |
|a Texas A&M University
|b College Station
|c Electronic Resources
|s www_evans
|d Available Online
|t 0
|h No information provided
|
| 998 |
f |
f |
|t 0
|l Available Online
|